Adrenergic mechanisms in myocardial ischemia / (Record no. 3659)

000 -LEADER
fixed length control field 01076cam a2200361 a 4500
001 - CONTROL NUMBER
control field 828508
003 - CONTROL NUMBER IDENTIFIER
control field ALUPE UNIVERSITY
005 - DATE AND TIME OF LATEST TRANSACTION
control field 20220328075500.0
008 - FIXED-LENGTH DATA ELEMENTS--GENERAL INFORMATION
fixed length control field 920813s1991 gw 0 eng c
020 ## - INTERNATIONAL STANDARD BOOK NUMBER
International Standard Book Number 3798508445
035 ## - SYSTEM CONTROL NUMBER
System control number ocm70312358
040 ## - CATALOGING SOURCE
Language of cataloging eng
Transcribing agency ALUPE UNIVERSITY
049 ## - LOCAL HOLDINGS (OCLC)
Holding library AEU
050 ## - LIBRARY OF CONGRESS CALL NUMBER
Classification number RC685
Item number .A37 1991
055 #3 - CLASSIFICATION NUMBERS ASSIGNED IN CANADA
Classification number RC 685 C6
Item number A242 1991
090 0# - LOCALLY ASSIGNED LC-TYPE CALL NUMBER (OCLC); LOCAL CALL NUMBER (RLIN)
Classification number (OCLC) (R) ; Classification number, CALL (RLIN) (NR) RC 685 C6 A242 1991
245 00 - TITLE STATEMENT
Title Adrenergic mechanisms in myocardial ischemia /
Statement of responsibility, etc. Gerd Heusch, John Ross, Jr., eds.
260 ## - PUBLICATION, DISTRIBUTION, ETC.
Place of publication, distribution, etc. Darmstadt :
Name of publisher, distributor, etc. Steinkopff Verlag,
Date of publication, distribution, etc. c1991.
300 ## - PHYSICAL DESCRIPTION
Extent 376 p. :
Other physical details ill. ;
Dimensions 25 cm.
336 ## - CONTENT TYPE
Content type term text
Content type code txt
Source rdacontent
337 ## - MEDIA TYPE
Media type term unmediated
Media type code n
Source rdamedia
338 ## - CARRIER TYPE
Carrier type term volume
Carrier type code nc
Source rdacarrier
500 ## - GENERAL NOTE
General note Includes index.
504 ## - BIBLIOGRAPHY, ETC. NOTE
Bibliography, etc. note Includes bibliographical references.
650 #0 - SUBJECT ADDED ENTRY--TOPICAL TERM
Topical term or geographic name entry element Coronary heart disease.
650 #0 - SUBJECT ADDED ENTRY--TOPICAL TERM
Topical term or geographic name entry element Adrenaline
General subdivision Receptors.
650 #2 - SUBJECT ADDED ENTRY--TOPICAL TERM
Topical term or geographic name entry element Coronary Disease.
650 #2 - SUBJECT ADDED ENTRY--TOPICAL TERM
Topical term or geographic name entry element Receptors, Adrenergic.
650 #0 - SUBJECT ADDED ENTRY--TOPICAL TERM
Topical term or geographic name entry element Adrenergic mechanisms.
700 1# - ADDED ENTRY--PERSONAL NAME
Personal name Heusch, Gerd.
700 1# - ADDED ENTRY--PERSONAL NAME
Personal name Ross, John.
942 ## - ADDED ENTRY ELEMENTS (KOHA)
Source of classification or shelving scheme
Koha item type Book
Suppress in OPAC JO
Holdings
Withdrawn status Lost status Source of classification or shelving scheme Damaged status Not for loan Permanent Location Current Location Shelving location Date acquired Source of acquisition Total Checkouts Full call number Barcode Date last seen Copy number Price effective from Koha item type Public note
          AU LIBRARY AU LIBRARY Open Shelf 31.01.2022 DONATION FROM MOI UNIVERSITY   RC685 .A37 1991 C1 28005137 31.01.2022 1 31.01.2022 Book JO
          AU LIBRARY AU LIBRARY Open Shelf 28.03.2022 DONATION FROM MOI UNIVERSITY   RC685 .A37 1991 C2 28007072 28.03.2022 2 28.03.2022 Book JO
          AU LIBRARY AU LIBRARY Open Shelf 28.03.2022 DONATION FROM MOI UNIVERSITY   RC685 .A37 1991 C3 28006658 28.03.2022 3 28.03.2022 Book WO

Powered by Koha